00955nam a2200241 a 4500999001500000001000500015003000900020005001700029008004100046020001500087040002800102082002000130245010500150250001200255260003900267300004900306504005100355650003900406700002000445942001200465952011800477952011800595 c6168d61681637BD-DhUAP20201227122847.0201227s1996 nyua b 001 0 eng d a0070504946 aDLCcDLCdBD-DhUAPbeng00a658.408 BUS223 aBusiness and society : bcorporate strategy, public policy and ethics /cJames E. Post ... [et al.]. a8th ed. aNew York : bMcGraw-Hill, cc1996. axxviii, 708 pages :billustrations ;c25 cm. aIncludes bibliographical references and index. aSocial responsibility of business. aPost, James E. 002ddccBK 00102ddc4070aUAPCLbUAPCLcGeneral Stacksd2020-12-27o658.408 BUSp3010001637r2020-12-27t1w2020-12-27yBK 00102ddc4070aUAPCLbUAPCLcGeneral Stacksd2020-12-27o658.408 BUSp3010001633r2020-12-27t2w2020-12-27yBK